Glee Solos (Season 4) Quiz Stats

 Plays Quiz not verified by Sporcle

Also try: Bald People on TV
Challenge
Share
Tweet
Embed
Score 0/104 Timer 10:00
0 Plays Today
Episode Artist % Correct
The New RachelMarley
92%
The New RachelRachel & Marley
91.9%
The New RachelBlaine
88.7%
The Break UpBlaine
88.5%
Britney 2.0Brittany
88.4%
The New RachelCassandra
87.5%
The New RachelJake
87.4%
Britney 2.0Rachel
86.9%
GleaseKitty
86.5%
The Role You Were Born to PlayBlaine
86.4%
GleaseBlaine
86.3%
GleaseMarley
86.2%
The Break UpSantana
85.9%
The Break UpRachel & Brody
85.7%
Britney 2.0Marley & Jake
85.5%
Dynamic DuetsKitty & Marley
85.5%
ThanksgivingTina
85.2%
The Role You Were Born to PlayJake & Kitty
85%
The Role You Were Born to PlayUnique & Marley
84.4%
Britney 2.0Artie & Blaine
84.1%
MakeoverBlaine
83.6%
The Role You Were Born to PlayFinn & Ryder
83.6%
Dynamic DuetsJake & Ryder
83%
Dynamic DuetsBlaine
82.6%
Britney 2.0Marley
82.1%
Britney 2.0Unique, Tina, & Marley
82.1%
Britney 2.0Brittany
82.1%
Britney 2.0Tina, Joe, & Sam
80.6%
NakedRachel
80.2%
NakedMarley & Jake
80.2%
The Break UpBlaine & Finn
79.8%
DivaSantana
79.2%
Glee, ActuallyArtie
79.2%
GleaseRyder & Sam
78.9%
ThanksgivingQuinn
78.5%
Episode Artist % Correct
DivaSantana
77.7%
Dynamic DuetsSam & Blaine
77.6%
Swan SongCassandra & Rachel
77.6%
Swan SongRachel
77.4%
MakeoverBrittany & Sam
77.2%
NakedJake
76.9%
Sadie HawkinsTina
76.8%
GleaseSantana, Cassandra, & Unique
76.3%
Sadie HawkinsMarley & Unique
76.3%
ThanksgivingIsabelle, Kurt, & Rachel
76.2%
Glee, ActuallyJake & Puck
75.9%
Swan SongKurt
75.7%
DivaBlaine
75.6%
NakedRachel, Quinn, & Santana
75.6%
Sadie HawkinsMarley & Brittany
75.4%
Swan SongRachel
75.3%
The New RachelBrody
75%
Swan SongSam & Brittany
75%
DivaTina
74.9%
MakeoverIsabelle, Kurt, & Rachel
74.7%
MakeoverRachel & Brody
74.5%
Glee, ActuallyMarley
74.2%
DivaSantana & Sam
74.1%
Glee, ActuallySam
73.2%
Glee, ActuallyBlaine & Kurt
72.4%
I DoBlaine & Kurt
70.5%
DivaKurt & Rachel
70%
I DoWill, Emma, & Mercedes
67.5%
Sadie HawkinsRyder
66.8%
Girls (and Boys) on FilmUnique & Marley
65.8%
FeudWill & Finn
65.5%
Girls (and Boys) on FilmBlaine & Brittany
64.7%
FeudBlaine & Sue
64.2%
Girls (and Boys) on FilmBlaine & Kurt
63.8%
Guilty PleasuresBlaine & Sam
62.2%
Episode Artist % Correct
Guilty PleasuresSam
62.1%
I DoJake & Marley
61.3%
FeudSantana
61.2%
Girls (and Boys) on FilmBlaine & Sam
61.1%
FeudRachel & Brody
60.8%
Guilty PleasuresBlaine
59.4%
Guilty PleasuresJake
58%
Sweet DreamsRachel
57.9%
FeudRyder & Unique
57.2%
Girls (and Boys) on FilmJake & Ryder
56%
Shooting StarRyder
55.6%
Girls (and Boys) on FilmWill
55%
Guilty PleasuresBrody & Rachel
54.4%
Sweet DreamsPuck & Finn
52.5%
Girls (and Boys) on FilmSam & Artie
52.2%
Sweet DreamsShelby & Rachel
51.6%
Girls (and Boys) on FilmWill & Emma
51.5%
WonderfulKitty
49.4%
Shooting StarBrittany
49%
Lights OutRyder
48.6%
Lights OutSue
45.9%
All or NothingMarley & Blaine
44.9%
FeudRyder & Jake
44.3%
WonderfulMercedes, Marley, & Blaine
40.6%
WonderfulMercedes
40.2%
I DoMarley, Artie, & Jake
39.2%
All or NothingRachel
38.7%
WonderfulArtie
38.6%
WonderfulJake
38.2%
WonderfulCassandra
37.2%
Lights OutSam & Ryder
37.1%
Lights OutFrida
35.1%
All or NothingFrida
33.8%
All or NothingFrida
33.7%

You're not logged in!

Compare scores with friends on all Sporcle quizzes.
Join for Free
OR
Log In

You Might Also Like...

Show Comments

Extras

Top Quizzes Today


Score Distribution

Your Account Isn't Verified!

In order to create a playlist on Sporcle, you need to verify the email address you used during registration. Go to your Sporcle Settings to finish the process.

Report this User

Report this user for behavior that violates our Community Guidelines.

Details: